| 000 | 01427nam a22003137a 4500 | ||
|---|---|---|---|
| 003 | OSt | ||
| 005 | 20230621122757.0 | ||
| 008 | 221006b |||||||| |||| 00| 0 eng d | ||
| 040 | _cBiblioteca Lado V | ||
| 082 |
_a709.05 _bG851a |
||
| 100 |
_9855 _aGriffin, Tim _eeditor |
||
| 245 |
_aArtforum/ _bInternacional/ |
||
| 260 |
_aNew York _c1989 _bNew York editorial and business offices |
||
| 300 |
_c26.5x27cm _a204p. |
||
| 366 | _espa | ||
| 490 |
_aOctubre _v1989 _x0864-1315 |
||
| 505 |
_tCOLUMNS _aOBJECT INVISIBILITY BLUES BOOKS BELIEVE IT OR NOT TROUBLESHOOTERS FOLIO |
||
| 505 |
_tFEATURES _gA PROFUSION OF SUBSTANCE CONTROL: GRAN FURY WORLD FAIRNESS ART AFTER SCIENCE MAURIZIO MOCHETTI BARBARA BLOOM AND HER ART OF ENTERTAINMENT SEDUCED AND TERRORIZED STADIUM FOUND AND LOST A CINEMA OF CRUELTY: ANTONIN ARTAUD |
||
| 505 | _tREVIEWS | ||
| 650 |
_2Tesauro de Arte & Arquitectura _aARTE COMTEMPORANEO _9703 |
||
| 650 |
_2Tesauro de Arte & Arquitectura _aFOTOGRAFIA _9702 |
||
| 650 |
_2Tesauro de Arte & Arquitectura _aARTE VISUAL _9702 |
||
| 650 |
_2Tesauro de Arte & Arquitectura _aLIBROS |
||
| 650 |
_2Tesauro de Arte & Arquitectura _aNOTICIAS |
||
| 650 |
_2 Tesauro de Arte & Arquitectura _aARTE INTERNACIONAL |
||
| 650 |
_2 Tesauro de Arte & Arquitectura _aESCULTURA |
||
| 700 |
_aNavarreta, Jose Antonio _eeditor |
||
| 942 |
_2ddc _c1 _h709.05 _iG851a _n0 |
||
| 999 |
_c3902 _d3902 |
||